00561nam a2200157Ia 4500008004100000082002000041100002100061245005800082260003600140300001000176630001800186650005500204942000900259952011800268999001700386211109s9999||||xx |||||||||||||| ||und|| a621.3813bWNI-E aWnitson, James A 0a500 Electonic Ic Circuits With Practical Applications bBPB PublicationaNo Placec1989 a338p. xGENERAL STACK aTechnologyvEngineering & allied operationsPhysics cBOOK 00104070aSBCLbSBCLc2d2021-11-09g100.00l0o621.3813 WNI-Ep00088668r2021-11-09 00:00:00w2021-11-09yBOOK c46636d46636